000 00772cam a2200265 4500
001 J249
008 090401t1991 xxu||||| |||| 00| 0 eng d
035 _a(Sirsi) u74060
041 _aeng
050 _a711.14
_c18
110 _aValuation Office Agency
_93141
245 _aRyde's scale (1991)...
260 _aLondon
_bVOA
_c1991
300 _a14p.
_c21cm.
350 _a5
520 _aSuperseded by 1996 edition (M2151). Supersedes 1984 edition (D4181).
650 _aCOMPENSATION
650 _aCompulsory purchase
_96228
650 _aFEE SCALES
650 _aPROFESSIONAL FEES
650 _aRYDE'S SCALE
690 _aENVIRONMENTAL AND LAND CONSULTANCY-PLANNING AND DEVELOPMENT-COMPULSORY PURCHASE AND COMPENSATION
942 _n0
948 _c04/03/1997
999 _c95762
_d95762